Progress in nuclear techniques and instrumentation / (Record no. 13419)
[ view plain ]
| 000 -LEADER | |
|---|---|
| fixed length control field | 01261cam a22003491 4500 |
| 001 - CONTROL NUMBER | |
| control field | 13419 |
| 003 - CONTROL NUMBER IDENTIFIER | |
| rucl marc code | BD-RjUL |
| 005 - DATE AND TIME OF LATEST TRANSACTION | |
| control field | 20211208235442.0 |
| 008 - FIXED-LENGTH DATA ELEMENTS--GENERAL INFORMATION | |
| fixed length control field | 140201t1968 ne ar 0 1 a0eng |
| 035 ## - SYSTEM CONTROL NUMBER | |
| System control number | (BD-RjUL)13470 |
| 040 ## - CATALOGING SOURCE | |
| Original cataloging agency | DLC |
| Transcribing agency | MnMULS |
| Modifying agency | PPiU |
| -- | N |
| -- | InU |
| -- | OCoLC |
| -- | N |
| -- | DLC |
| -- | NLGGC |
| -- | OCoLC |
| -- | HEBIS |
| -- | DEBBG |
| -- | GBVCP |
| -- | UKMGB |
| -- | BD-RjUL |
| Language of cataloging | eng |
| 041 ## - LANGUAGE CODE | |
| Language code of text/sound track or separate title | eng |
| 051 ## - LIBRARY OF CONGRESS COPY, ISSUE, OFFPRINT STATEMENT | |
| Classification number | QC784 |
| Item number | .P78 1965b |
| Copy information | copy 2 |
| 070 0# - NATIONAL AGRICULTURAL LIBRARY CALL NUMBER | |
| Classification number | TK9145 |
| Item number | .P7 |
| 082 04 - DEWEY DECIMAL CLASSIFICATION NUMBER | |
| Edition number | 16 |
| Classification number | 621.48 |
| Author mark and year | PRO 1968 |
| 245 00 - TITLE STATEMENT | |
| Title | Progress in nuclear techniques and instrumentation / |
| Statement of responsibility, etc. | edited by F. J. M. Farley. |
| 260 ## - PUBLICATION, DISTRIBUTION, ETC. (IMPRINT) | |
| Place of publication, distribution, etc. | Amsterdam ; |
| Name of publisher, distributor, etc. | North-Holland Pub. Co. ; |
| Place of publication, distribution, etc. | New York : |
| Name of publisher, distributor, etc. | Interscience Publishers., |
| Date of publication, distribution, etc. | 1968. |
| 300 ## - PHYSICAL DESCRIPTION | |
| Pagination | V-3 (255 p.) : |
| Illustrations | ill. ; |
| Size | 23 cm. |
| 500 ## - GENERAL NOTE | |
| General note | Editors: v. 1- F.J.M. Farley. |
| 504 ## - BIBLIOGRAPHY, ETC. NOTE | |
| Bibliography, etc | Includes index. |
| 650 #0 - SUBJECT ADDED ENTRY--TOPICAL TERM | |
| Topical term or geographic name as entry element | Nuclear physics |
| General subdivision | Instruments |
| 9 (RLIN) | 41835 |
| Topical term or geographic name as entry element | Nuclear physics |
| General subdivision | Experiments |
| Form subdivision | Periodicals. |
| 9 (RLIN) | 41836 |
| Topical term or geographic name as entry element | Kernfysica. |
| Source of heading or term | gtt |
| 9 (RLIN) | 28470 |
| Topical term or geographic name as entry element | Meetinstrumenten. |
| Source of heading or term | gtt |
| 9 (RLIN) | 41837 |
| 700 1# - ADDED ENTRY--PERSONAL NAME | |
| Personal name | Farley, Francis James MacDonald. |
| 776 08 - ADDITIONAL PHYSICAL FORM ENTRY | |
| Relationship information | Online version: |
| Title | Progress in nuclear techniques and instrumentation |
| Record control number | (OCoLC)564825204 |
| 936 ## - OCLC/CONSER MISCELLANEOUS DATA (OCLC); PIECE USED FOR CATALOGING (pre-AACR2) (RLIN) | |
| OCLC control number(s) of parallel record(s) (OCLC); Piece used for cataloging, PUC (RLIN) | Unknown |
| -- | v. 3 |
| 942 ## - ADDED ENTRY ELEMENTS (KOHA) | |
| Source of classification or shelving scheme | Dewey Decimal Classification |
| Koha item type | Books |
| Lost status | Source of classification or shelving scheme | Materials specified (bound volume or other part) | Damaged status | Not for loan | Collection code | Permanent Location | Current Location | Shelving location | Date acquired | Source of acquisition | Cost, normal purchase price | Total Checkouts | Full call number | Date last seen | Copy number | Koha item type |
|---|---|---|---|---|---|---|---|---|---|---|---|---|---|---|---|---|
| Dewey Decimal Classification | V-3 | Not For Loan | Non-fiction | Central Library, University of Rajshahi | Central Library, University of Rajshahi | Reading Room | 04/07/1970 | Book view | 80.00 | 621.48 PRO 1968 | 01/02/2014 | C-1 | Books |